El pantano de la Peña en 1924 : memoria publicada por el Sindicato del Pantano / Jorge Jordana memoria publicada por el Sindicato del Pantano / Jorge Jordana
Descripción Física:
16 p. : taules ; 22 cm
MARC
| LEADER | 00000nam a2200000Ia 4500 | ||
|---|---|---|---|
| 001 | 15906 | ||
| 008 | 160829s1924 xx 000 0 cat d | ||
| 080 | |a RF-12-43 | ||
| 100 | |a Jordana y Mompeón, Jorge |9 46915 | ||
| 245 | |a El pantano de la Peña en 1924 : |b memoria publicada por el Sindicato del Pantano / Jorge Jordana | ||
| 260 | |a Zaragoza : |b (Artes Gráficas), |c 1924 | ||
| 300 | |a 16 p. : |b taules ; |c 22 cm | ||
| 590 | |a Prové de OP-3714 | ||
| 650 | |a Pantans (Enginyeria civil) |x Saragossa |x 1924 |9 46916 | ||
| 856 | 4 | |u https://media.diba.cat/diba/fitxers/arxiu/fulletons/bib_15906_1924_baixa.pdf |y Accés lliure | |
| 856 | 4 | |u https://media.diba.cat/diba/fitxers/arxiu/fulletons/bib_15906_1924_baixa.pdf |y Accés lliure | |
| 901 | |a Arxiu | ||
| 942 | |n 1 |2 udc | ||
| 952 | |0 0 |1 0 |4 0 |6 RF1243 |7 1 |9 53525 |a Arxiu |b Arxiu |d 2016-12-01 |l 0 |o RF-12-43 |p 15906 |r 2016-12-01 00:00:00 |w 2016-12-01 |y ARXIU | ||
| 999 | |c 57391 |d 57391 | ||
| 900 | |a bib_15906_1924_baixa.pdf | ||